000
00214nam a2200085Ia 4500
008
120527s9999 xx 000 0 und d
100
_a
Feinberg, Joel
245
_a
Rights,Justice and the bonds of liberty
942
_c
BK
999
_c
27752
_d
27752